Cómo enseñar el arte
Uloženo v:
| Hlavní autor: | |
|---|---|
| Médium: | Kniha |
| Jazyk: | španělština |
| Vydáno: |
Barcelona, España
CEAC
1986
|
| Edice: | Colección Educación y Enseñanza. Serie Aula Práctica
|
| Témata: | |
| Tagy: |
Přidat tag
Žádné tagy, Buďte první, kdo vytvoří štítek k tomuto záznamu!
|
MARC
| LEADER | 00000nam a2200000 a 4500 | ||
|---|---|---|---|
| 001 | UCH8023 | ||
| 003 | CL-VaPUC | ||
| 005 | 20211120074348.0 | ||
| 008 | 091127e19860000SP |||||||||||||||||spa|d | ||
| 999 | |c 338292 |d 338290 | ||
| 020 | |a 8432986089 | ||
| 040 | |c Pontificia Universidad Católica de Valparaíso | ||
| 082 | 0 | 4 | |a 372.5 BOU 1986 |2 21 |
| 100 | 0 | |a Bou, Lluís María |9 544406 | |
| 245 | 1 | 0 | |a Cómo enseñar el arte |
| 260 | 0 | 3 | |a Barcelona, España |b CEAC |c 1986 |
| 300 | |a 98 páginas | ||
| 490 | 0 | |a Colección Educación y Enseñanza. Serie Aula Práctica | |
| 583 | |a last modification |c 20170828 12:47:59 |k Rodrigo Vera | ||
| 650 | 0 | |a Arte |9 265238 | |
| 650 | 0 | |a Educación artística |9 269035 | |
| 650 | 0 | |a Aptitud creadora |9 307292 | |
| 650 | 0 | |a Creatividad |9 310816 | |
| 942 | |c BK |2 ddc | ||
| 945 | |d 20091127 00:00:00 |a lazolas | ||